パワプロの変化球 - Statistics

General Stats
  • This quiz has been taken 20 times
  • The average score is 20 of 24
Answer Stats
Hint Answer % Correct
ストレート系 ストレート
100%
ツーシーム
100%
スライダー系 スライダー
100%
カーブ系 カーブ
100%
フォーク系 フォーク
100%
シュート系 シュート
100%
スローカーブ
94%
シンカー系 シンカー
94%
SFF
94%
チェンジアップ
89%
ナックル
89%
カットボール
83%
ナックルカーブ
83%
Hスライダー
78%
Hシンカー
78%
Hシュート
78%
超スローボール
72%
サークルチェンジ
72%
ドロップ
67%
ドロップカーブ
67%
スラーブ
67%
パーム
67%
ムービングファスト
44%
Vスライダー
44%
No matching quizzes found
Score Distribution
Percent of People with Each Score
Percentile by Number Answered
Your Score History
You have not taken this quiz